000 00789nam a2200265Ia 4500
003 OSt
005 20220912151201.0
006 a|||||r|||| 00| 0
007 ta
008 220909b |||||||| |||| 00| 0 eng d
024 _a49183
037 _cTextual
040 _aCSL
_beng
_cCSL
041 _aeng
082 _aH4227:(B2811), K9
100 _aKartvelishvili N A
245 0 _aTheory of stochastic processes in hydrology and river run off regulation
260 _aIsrael
_bProgram for scientific Translations
_c1969
300 _aviii, 223p.
_ccm.
500 _aAppendix 182-209p.
_ccm.; Bibliography 174-181p.
_ccm.
650 _a Rivers
650 _aGeology
942 _hH4227:(B2811), K9
_cTEXL
_2CC
999 _c62992
_d62992